000 00753cam a2200265 4500500
005 20260329005017.0
041 _afre
042 _adc
100 1 0 _aLarmagnac-Matheron, Octave
_eauthor
245 0 0 _aLes animaux aussi ont un patrimoine à transmettre
260 _c2022.
500 _a50
690 _aAnimal
690 _aCollaboration
690 _aCulture
690 _aÉthologie
690 _aHérédité
690 _aHéritage
690 _aHyène
690 _aPatrimoine
690 _aRivalité
690 _aTransmission
786 0 _nPhilosophie magazine | 157 | 3 | 2022-03-01 | p. 10-10 | 1951-1787
856 4 1 _uhttps://shs.cairn.info/magazine-philosophie-magazine-2022-3-page-10?lang=fr&redirect-ssocas=7080
999 _c1839422
_d1839422